000
00323nam a2200133Ia 4500
008
150201s2011 xx 000 0 und d
082
_a
611
_b
C11S
100
_a
SINGH,VISHRAM
245
_a
CLINICAL AND SURGICAL ANATOMY
250
_a
2ND
260
_b
ELSEVIER
_a
DELHI
_c
2011
650
_a
HUMAN ANATOMY
942
_2
ddc
_c
BK
_0
1
999
_c
1136
_d
1136